00729nam a2200229Ia 4500003000400000005001700004008004100021020001800062040000700080041000800087082002100095100002800116245004200144260004700186300001600233365001300249650002300262906004200285942001200327999001900339952014100358OSt20230504102146.0210423s2011 xx 000 0 und d a9788131733660 cAL aeng a621.381 HUGE223 aHUGHES (Edward).994929 aElectrical and electronic technology. aNew DelhibPearson Education Pvt Ltdc2011 axv,1008bPB b585cINR aElectronics994930 aElectrical ; electronic ; technology. 2ddccBK c161952d161952 001040708PHYaSACPGbSACPGd2012-07-20eHigginbothams Pvt Ltdg585.00l0o621.381 HUGEpPG008445r2022-08-24 00:00:00w2021-04-26yBK